| 000 | 02245 a2200193 4500 | ||
|---|---|---|---|
| 001 | 59313 | ||
| 005 | 20260407155847.0 | ||
| 008 | 260407a1973 arg spa d | ||
| 003 | AR-UNSa-BCEJYS | ||
| 040 |
_aAR-UNSa-BCEJYS _bspa _cAR-UNSa-BCEJYS |
||
| 080 |
_a338.2(8) _xPolítica económica. Control de la economía. gestión de la economía. planificación económica en América Latina |
||
| 245 | 1 | 0 |
_aLa creación de un mercado común _papuntes históricos sobre la experiencia de Centroamérica |
| 264 | 1 |
_aBuenos Aires : _bBID/INTAL (Banco Interamericano de Desarrollo. Instituto para la integración de América Latina) _c1973 |
|
| 300 |
_a270 p. _c23 cm. |
||
| 505 | _aParte I: Los antecedentes: 1. Independencia y fragmentación (1823-1839) – 2. Esfuerzos unionistas de 1839 a 1923 – 3. Aislacionismo en la primera mitad del siglo XX – Parte II: Los primeros pasos hacia la integración: 4. Antecedentes y vigencia de los tratados bilaterales de libre comercio (1951 a 1959) – 5. Surgimiento y orientación del Programa Multilateral (1951 – 1952) – 6. El afianzamiento institucional (1952-1958) – 7. Las actividades del Comité de Cooperación Económica de 1953 a 1956 – 8. Las actividades del Comité de Cooperación Económica entre 1956 y 1958 – 9. El Tratado Multilateral de Libre Comercio e Integración Económica Centroamericana – 10. El convenio sobre el Régimen de Industrias Centroamericanas de Integración – 11. Hacia la unión aduanera mediante la unificación arancelaria – 12. El Convenio Centroamericano sobre Equiparación de Gravámenes a la Importación – Parte III: La creación del Mercado Común: 13. El inicio de la integración económica acelerada: el Plan Tripartito – 14. El Tratado de Asociación Económica – 15. Del Tratado Tripartito a la resolución 101 – 16. El Tratado General de Integración Económica Centroamericana – 17. El Primer Protocolo al Convenio de Equiparación Arancelaria – 18. El surgimiento del Banco Centroamericano de Integración Económica – 19. Vigencia de los tratados de Managua e incorporación de Costa Rica al Mercado Común (1961-1963) | ||
| 942 | _cBK | ||
| 590 | _aniveau_biblio:m niveau_hierar:0 | ||
| 100 | 1 | _aFuentes Mohr, Alberto | |
| 999 |
_c6648 _d6648 |
||